| 000 | 00611nam a2200181Ia 4500 | ||
|---|---|---|---|
| 003 | GCL | ||
| 008 | 140319s9999 xx 000 0 ara d | ||
| 040 |
_aGCL / _cGCL |
||
| 082 | 0 | 4 |
_a953 _bم ف |
| 100 | 1 | _aمحمد عابد الجابرى | |
| 245 | 1 | 0 |
_aفكر ابن خلدون : العصبية والدولة معالم نظرية خلدونية فى التاريخ الاسلامى / _cمحمد عابد الجابرى |
| 300 | _a483 ص | ||
| 490 | _a | ||
| 650 | 0 | 4 | _aالتاريخ الاسلامى |
| 650 | 0 | 4 | _aالدولة والسياسة |
| 650 | 0 | 4 | _aفكر ابن خلدون |
| 942 |
_2ddc _cBK |
||
| 999 |
_c46502 _d46502 |
||